MARC details
| 000 -CABECERA |
| campo de control de longitud fija |
01173cam a2200277 a 4500 |
| 001 - NÚMERO DE CONTROL |
| campo de control |
000014359 |
| 003 - IDENTIFICADOR DEL NÚMERO DE CONTROL |
| campo de control |
OSt |
| 005 - FECHA Y HORA DE LA ÚLTIMA TRANSACCIÓN |
| campo de control |
20200929163605.0 |
| 008 - DATOS DE LONGITUD FIJA--INFORMACIÓN GENERAL |
| campo de control de longitud fija |
890714s1988 ck ab b f001 0 spa |
| 020 ## - NÚMERO INTERNACIONAL ESTÁNDAR DEL LIBRO |
| Número Internacional Estándar del Libro |
9586430340 |
| 040 ## - FUENTE DE LA CATALOGACIÓN |
| Centro catalogador/agencia de origen |
DO-SdBNP |
| Lengua de catalogación |
spa |
| Centro/agencia transcriptor |
BNPHU |
| 082 ## - NÚMERO DE LA CLASIFICACIÓN DECIMAL DEWEY |
| Número de clasificación |
320.9861 |
| Número de documento/Ítem |
S232a |
| 100 1# - ENTRADA PRINCIPAL--NOMBRE DE PERSONA |
| Nombre de persona |
Santander, Francisco de Paula, |
| Fechas asociadas al nombre |
1792-1840. |
| 9 (RLIN) |
18039 |
| 245 10 - MENCIÓN DE TÍTULO |
| Título |
A los colombianos : |
| Resto del título |
proclamas y discursos, 1819-1840 / |
| Mención de responsabilidad, etc. |
compilación y notas, Luis Horacio López Domínguez. |
| 260 ## - PUBLICACIÓN, DISTRIBUCIÓN, ETC. |
| Lugar de publicación, distribución, etc. |
Bogotá, (Colombia) : |
| Nombre del editor, distribuidor, etc. |
Fundación para la Conmemoración del Bicentenario del Natalicio y el Sesquicentenario de la Muerte del General Francisco de Paula Santander, |
| Fecha de publicación, distribución, etc. |
1988. |
| 300 ## - DESCRIPCIÓN FÍSICA |
| Extensión |
xl, 427, [8] p. : |
| Otras características físicas |
il., mapas ; |
| Dimensiones |
25 cm. |
| 490 1# - MENCIÓN DE SERIE |
| Mención de serie |
Biblioteca de la Presidencia de la República |
| 490 1# - MENCIÓN DE SERIE |
| Mención de serie |
Documentos |
| 500 ## - NOTA GENERAL |
| Nota general |
Subtítulo en la cubierta: Proclamas y discursos, 1812-1840. |
| 504 ## - NOTA DE BIBLIOGRAFÍA, ETC. |
| Nota de bibliografía, etc. |
Incluye referencias bibliográficas |
| 590 ## - NOTA LOCAL (RLIN) |
| Nota local |
Inventariado, 2020 / DG |
| 651 #4 - PUNTO DE ACCESO ADICIONAL DE MATERIA--NOMBRE GEOGRÁFICO |
| Nombre geográfico |
Colombia |
| Subdivisión general |
Política Y Gobierno |
| Subdivisión cronológica |
SIGLO XIX |
| Subdivisión general |
Fuentes |
| 9 (RLIN) |
32423 |
| 700 1# - PUNTO DE ACCESO ADICIONAL--NOMBRE DE PERSONA |
| Nombre de persona |
López D., Luis Horacio |
| Término indicativo de función/relación |
comp. |
| Forma completa/desarrollada del nombre |
(López Domínguez) |
| 9 (RLIN) |
18043 |
| 910 ## - DATOS DE OPCIÓN DEL USUARIO (OCLC) |
| Datos de opción del usuario |
En catalogaciòn |
| 942 ## - ELEMENTOS DE PUNTO DE ACCESO ADICIONAL (KOHA) |
| Fuente del sistema de clasificación o colocación |
Dewey Decimal Classification |
| Tipo de ítem Koha |
Libros y folletos |